Plan maestro arquitectónico de complejo deportivo en la ciudad de león (municipio de León, Nicaragua), 2022-2026

En este documento se desarrolla la investigación con aspectos formales, teóricos y la propuesta del Plan Maestro Arquitectónico de Complejo Deportivo para la ciudad de León (municipio de León, Nicaragua) 2022-2026. la necesidad de la de infraestructura deportiva de calidad accesible a la poblac...

Full description

Bibliographic Details
Main Authors: Argüello Lara, Ennio Valentín, Palma Solano, Alba Luz, Velázquez Ramírez, Jorge Ezequiel
Other Authors: Tutor: Zelaya González, Johanna del Carmen
Format: Tesis Section = Libro
Language:Undetermined
Spanish
Published: Managua UNI 2023
Subjects:
LEADER 01900nam a2200277Ia 4500
008 240830s9999 xx 000 0 und d
040 |a BIBLIOTECA-RUSB/ Mon 720 A694 
041 |a spa 
082 |a Mon 720 A694 
100 1 |a Argüello Lara, Ennio Valentín 
100 1 |b  Palma Solano, Alba Luz 
100 1 |c  Velázquez Ramírez, Jorge Ezequiel 
245 1 0 |a Plan maestro arquitectónico de complejo deportivo en la ciudad de león (municipio de León, Nicaragua), 2022-2026 
260 |a Managua   |b UNI  |c 2023 
300 |a 152 p. :il. 
500 |a Contiene: anexos y CD. 
502 |a Tesis (Arquitecto) - UNI, 2023. 
520 3 |a En este documento se desarrolla la investigación con aspectos formales, teóricos y la propuesta del Plan Maestro Arquitectónico de Complejo Deportivo para la ciudad de León (municipio de León, Nicaragua) 2022-2026. la necesidad de la de infraestructura deportiva de calidad accesible a la población en la ciudad de León. Siendo que la edificaciones y espacios deportivos existentes se encuentran en deterioro, condición que no aporta al desarrollo óptimo de los deportistas, ni al confort de los usuarios. Con la elaboración del presente trabajo se tiene plateó ofrecer instalaciones adecuadas para practicar el deporte a nivel recreativo y profesional dentro del área urbana. Con el propósito de que en el complejo se realicen más de una disciplina deportiva y que se promueva a nivel municipal y nacional para el desarrollo deportivo, cultural, social y de recreación de la población beneficiada. 
650 7 |a ARQUITECTURA – DEPORTIVA 
650 7 |b  PLAN MAESTRO ANTEPROYECO ARQUITECTONICO - COMPLEJO DEPORTIVO - LEÓN 
650 7 |c  DISEÑO ARQUITECTÓNICO – PLANOS 
650 7 |d  USO DE SUELO. 
700 1 |a Tutor:  |b Zelaya González, Johanna del Carmen  
942 |c BK  |2 ddc 
991 |a TESIS 
999 |c 27815